Guess the Skeleton - Statistics

General Stats
  • This quiz has been taken 17 times
  • The average score is 4 of 8
Answer Stats
Picture Answer % Correct
Ghost Rider
100%
Skeletor
100%
Jack Skellington
80%
Spooky Scary Skeleton
50%
Scary Sky Skeleton
30%
Walter Donovan
30%
Shadrac
20%
Skeleton Men
10%
No matching quizzes found
Score Distribution
Percent of People with Each Score
Percentile by Number Answered
Your Score History
You have not taken this quiz